Arquitectura palatina del Naranco / (Record no. 180856)

MARC details
000 -LEADER
campo de control de longitud fija 01023nam a2200289 i 4500
001 - NÚMERO DE CONTROL
campo de control 180856
003 - IDENTIFICADOR DE NÚMERO DE CONTROL
campo de control ES-MaACL
005 - FECHA Y HORA DE LA ÚLTIMA TRANSACCIÓN
campo de control 20250831104644.0
008 - DATOS DE LONGITUD FIJA--INFORMACIÓN GENERAL
campo de control de longitud fija 120720s1991 sp ao |||| | spa d
020 ## - NÚMERO INTERNACIONAL ESTÁNDAR DEL LIBRO
Número Internacional Estándar del Libro 84-7679-199-2
080 ## - NÚMERO DE LA CLASIFICACIÓN DECIMAL UNIVERSAL
Número de la Clasificación Decimal Universal 728.82(460.12 O.)
080 ## - NÚMERO DE LA CLASIFICACIÓN DECIMAL UNIVERSAL
Número de la Clasificación Decimal Universal 726.54(460.12 O.)
100 1# - ENTRADA PRINCIPAL--NOMBRE DE PERSONA
Nombre de persona Cuadrado, Marta.
9 (RLIN) 151108
245 10 - MENCIÓN DEL TÍTULO
Título Arquitectura palatina del Naranco /
Mención de responsabilidad, etc. por Marta Cuadrado.
260 ## - PUBLICACIÓN, DISTRIBUCIÓN, ETC.
Lugar de publicación, distribución, etc. Madrid :
Nombre del editor, distribuidor, etc. Historia Viva,
Fecha de publicación, distribución, etc. [1991]
300 ## - DESCRIPCIÓN FÍSICA
Extensión VIII, 31 p. :
Otras características físicas il. col. y n. ;
Dimensiones 24 cm.
490 1# - MENCIÓN DE SERIE
Mención de serie Cuadernos de arte español ;
Designación de volumen o secuencia 55
504 ## - NOTA DE BIBLIOGRAFÍA, ETC.
Nota de bibliografía, etc. Bibliografía: p. 31.
594 ## - Nota al título y mención de responsabilidad
Nota al título y mención de responsabilidad En cub.: Historia 16.
610 27 - PUNTO DE ACCESO ADICIONAL DE MATERIA--NOMBRE DE ENTIDAD CORPORATIVA
Nombre de entidad corporativa o nombre de jurisdicción como elemento de entrada Iglesia de Santa María del Naranco (Oviedo)
Fuente del encabezamiento o término
9 (RLIN) 150874
610 27 - PUNTO DE ACCESO ADICIONAL DE MATERIA--NOMBRE DE ENTIDAD CORPORATIVA
Nombre de entidad corporativa o nombre de jurisdicción como elemento de entrada Iglesia de San Miguel de Lillo
Fuente del encabezamiento o término
9 (RLIN) 150875
650 #4 - PUNTO DE ACCESO ADICIONAL DE MATERIA--TÉRMINO DE MATERIA
Término de materia o nombre geográfico como elemento de entrada Arte prerrománico-
Subdivisión geográfica Asturias (Comunidad Autónoma)
9 (RLIN) 10276
651 #7 - PUNTO DE ACCESO ADICIONAL DE MATERIA--NOMBRE GEOGRÁFICO
Nombre geográfico Oviedo-
Subdivisión general Edificios, estructuras, etc.
9 (RLIN) 151109
830 00 - PUNTO DE ACCESO ADICIONAL DE SERIE-TÍTULO UNIFORME
Título uniforme Cuadernos de arte español
Designación de volumen o secuencia 55
9 (RLIN) 191338
852 ## - LOCALIZACIÓN
Ubicación ES-MaACL
Número de control de estantería 2314-F-31
Holdings
Estatus retirado Estado de pérdida Estado de daño No para préstamo Colección Biblioteca de origen Biblioteca actual Ubicación en estantería Fecha de adquisición Fuente de adquisición Total de préstamos Signatura topográfica completa Código de barras Visto por última vez Precio de reemplazo Tipo de ítem Koha
        Colección de folletos Biblioteca del Ateneo de Madrid Biblioteca del Ateneo de Madrid Depósito folletos 20/07/2012     2314-F-31 1190043 23/02/2023 23/02/2023 Folleto